000 00765nam a2200241Ia 4500
003 OSt
005 20220923222033.0
006 a|||||r|||| 00| 0
007 ta
008 220922b |||||||| |||| 00| 0 hin d
024 _a201,932
037 _cTextual
040 _aARTS
_cARTS
_bhin
041 _2hin
_ahin
082 _aO33,3N37,1, 152M6-;1
100 _aकम्बार, चन्द्रशेखर
245 0 _aप्रणय प्रसंग
246 _aPraṇaya prasanga
260 _aनई दिल्ली
_b विद्या प्रका0
_c1986
300 _a83पृ.
_ccm.
942 _hO33,3N37,1, 152M6-;1
_cTEXL
_2CC
999 _c353471
_d353471